| 000 | 00513nam a2200193Ia 4500 | ||
|---|---|---|---|
| 003 | OSt | ||
| 005 | 20250605112438.0 | ||
| 008 | 210210b1986 xxu||||| |||| 00| 0 eng d | ||
| 040 | _cAL | ||
| 041 | _aKannada | ||
| 082 | _aK894.3 GITM | ||
| 100 |
_aGITA (K) _dಗೀತಾ (ಕೆ) _9212918 |
||
| 245 |
_aMatu mirida mauna _bಮಾತು ಮೀರಿದ ಮೌನ |
||
| 260 |
_aMaisuru _bSanthosha Prakashana _c1986 |
||
| 300 | _a147 | ||
| 690 |
_aKannada Fiction _9212919 |
||
| 906 | _a038685 | ||
| 942 |
_2ddc _cBK |
||
| 999 |
_c88852 _d88852 |
||